ADHUNIK SESTHA HINDI CHUTI GALPA (Record no. 14111)
[ view plain ]
| 000 -LEADER | |
|---|---|
| fixed length control field | 00442cam a2200181ua 4500 |
| 008 - FIXED-LENGTH DATA ELEMENTS--GENERAL INFORMATION | |
| fixed length control field | 161103n II |||gr||||Z||||||asm |
| 040 ## - CATALOGING SOURCE | |
| Original cataloging agency | MAIN |
| 041 ## - LANGUAGE CODE | |
| -- | English |
| 082 ## - DEWEY DECIMAL CLASSIFICATION NUMBER | |
| Classification number | 891.453 ADH |
| 100 ## - MAIN ENTRY--PERSONAL NAME | |
| Personal name | MAHESWARI , GOPAL ., |
| Relator term | EDITOR. |
| 245 ## - TITLE STATEMENT | |
| Title | ADHUNIK SESTHA HINDI CHUTI GALPA |
| 250 ## - EDITION STATEMENT | |
| Edition statement | Rev. |
| 260 ## - PUBLICATION, DISTRIBUTION, ETC. | |
| Place of publication, distribution, etc. | CALCUTTA: |
| Name of publisher, distributor, etc. | BHUMI PUBLICATION CO. , |
| Date of publication, distribution, etc. | 1987. |
| 300 ## - PHYSICAL DESCRIPTION | |
| Extent | 147.: |
| Dimensions | 20CM. |
| 942 ## - ADDED ENTRY ELEMENTS (KOHA) | |
| Koha item type | Books |
| 653 ## - INDEX TERM--UNCONTROLLED | |
| Uncontrolled term | Galpa |
| Withdrawn status | Lost status | Damaged status | Not for loan | Collection code | Home library | Current library | Shelving location | Date acquired | Full call number | Barcode | Date last seen | Copy number | Price effective from | Koha item type | Public note |
|---|---|---|---|---|---|---|---|---|---|---|---|---|---|---|---|
| REFASM | Central Library and Information Centre Sibsagar Girls College | Central Library and Information Centre Sibsagar Girls College | 08.04.2007 | 891.453 ADH | 22914 | 27.02.2020 | 1 | 27.02.2020 | Books | ||||||
| REFASM | Central Library and Information Centre Sibsagar Girls College | Central Library and Information Centre Sibsagar Girls College | ASSAMESE REFERENCE RACK | 08.04.2007 | 891.453 ADH | 22915 | 27.02.2020 | 2 | 27.02.2020 | Books | V |